000 06580nam a22003977a 4500
003 UA-OsUOA
001 123989
007 ta
008 20170719b un ||||| |||| 00| 0 ukr d
100 _aБосхолов С. С.
090 _a340:32
_bБ85
942 _cBK
040 _aUA-OsUOA
_brus
_cUA-OsUOA
_dUA-OsUOA
245 _aОсновы уголовной политики: конституционный, криминологический, уголовно-правовой и информационный аспекты
_bмонография
300 _a293 с.
955 _a1
041 _arus
080 _a340:32
020 _a5-89158-035-7
520 3 _aОглавлениеВведениеРаздел І. Состояние конституционно-правовой - системы и уголовной политикГлава 1. Кризис конституционно-правовой системы и пути его преодоления§ 1. Предпосылки и причины кризиса§ 2. Сущность и содержание кризиса§ 3. Влиян
520 3 _aие Конституционно-правового кризиса 90-х гг. на состояние преступности§ 4. Пути преодоления кризисаСостояние уголовной политики: традиционные и новые проблемы§ 1. Понятие и принципы уголовной политики§ 2. Дефекты парадигмы «борьба с преступнос
520 3 _aтью»§ 3. Уголовная политика на новом этапе: проблемы и опасности§ 4. Тенденции изменений в уголовной политике§ 5. Приоритеты и основные направления уголовной политикиРаздел II. Конституционно-правовые основы уголовной политикКонституционные о
520 3 _aсновы уголовной политики§ 1. Уголовная политика как предмет конституционного регулирования§ 2. Права человека и уголовная политика§ 3. Уголовная политика в системе разделения властей§ 4. Международное сотрудничество в реализации задач уголовно
520 3 _aй политикиУголовное законодательство как правовая основа уголовной политики§ 1. Уголовный закон и уголовная политика§ 2. Политико-правовые предпосылки реформы уголовного законодательства§ 3. Новое уголовное законодательство: достижения, ошибки
520 3 _aи пробелы§ 4. Основные направления дальнейшего совершенствования уголовного законодательстваУголовная политика ц профилактика преступности§ 1. Предупреждение преступности — главное направление уголовной политики§ 2. Правовое регулирование про
520 3 _aфилактики преступлений: состояние и проблемы§ 3. Пути совершенствования правовой основы профилактики преступлений в качестве приоритетного направления уголовной политикиИнформационное обеспечение уголовной политикиОбщая характеристика информацио
520 3 _aнного обеспечения§ 1. Понятие, содержание и цели информационного обеспечения§ 2. Проблемные ситуации в информационном обеспечении: характеристика, причины и пути разрешения§ 3. Правоприменительная деятельность как информационный процессКонцепц
520 3 _aия информационного обеспечения уголовной политики§ 1. Методологические основы разработки и создания системы информационного обеспечения§ 3, Состав и структура информационного обеспеченияОсновные направления совершенствования информационного обес
520 3 _aпечения уголовной политики§ 1. Тенденции и перспективы развития и совершенствования информационного обеспечения§ 2. Правовые и организационные аспекты совершенствования информационного обеспечения§ 3. Технический и ресурсный аспекты совершенство
520 3 _aвания информационного обеспеченияПравовые основы контроля§ 1. Конституционно-правовое регулирование контроля§ 2. Проблемы законодательного обеспечения контроляГражданский и парламентский контроль. Прокурорский надзор§ 1. Гражданский контроль
520 3 _a: состояние и пути развития§ 2. Парламентский контроль: проблемы конституционного и [законодательного закрепления§ 3. Проблемы совершенствования прокурорского надзораСудебный и конституционный контроль: проблемы теории и практики§ 1. Судебный к
520 3 _aонтроль§ 2. Конституционный контроль
260 _aМ.
_bЮрИнфоР
_c1999
650 7 _a340 Право в цілому. Пропедевтика. Методи та допоміжні правничі науки
_2UDC
999 _c411193
_d411193